000 01786nam0a2200337 i 4500
001 RU\NLR\bibl\2043834
005 20260503052716.0
010 _a978-5-94808-661-3
_9300
021 _aRU
_b2013-39426
_92705
035 _a(NLR Aleph) 002031070
090 _a4550754
_c4550754
100 _a20131026d2011 u y0rusy50 ca
101 0 _achm
_arus
102 _aRU
105 _aa |||||||||
200 1 _aКечан изолык
_eучебное пособие
_e[по обучению марийской и русской грамоте детей]
_fЕ.В. Алексеева, К.И. Иванова
_gМ-во образования и науки РФ, ФГБОУ ВПО "Мар. гос. ун-т", Фак. педагогики и психологии
210 _aЙошкар-Ола
_cФГБОУ ВПО "Марийский государственный университет"
_d2011
215 _a111 с.
_cил., цв. ил.
_d25
300 _aВ вып. дан. загл.: Кечан изолык (Солнечная поляна)
517 1 _aСолнечная поляна
606 1 _aМарийский язык
_jУчебные издания для национальной школы
_91507672
_3RU\NLR\AUTH\66654117
686 1 _aШ166.32-921
700 1 _4070
_7ca
_8rus
_aАлексеева
_bЕ. В.
_cканд. пед. наук, этнопедагогика
_f1976-
_gЕлена Витальевна
_3RU\NLR\AUTH\770126952
_9126932
701 1 _4070
_7ca
_8rus
_aИванова
_bК. И.
_cпедагог-методист
_gКлавдия Иосифовна
_3RU\NLR\AUTH\770126956
_9126936
801 0 _aRU
_bNLR
_c20130617
_gRCR
801 1 _aRU
_bNLR
_c20130617
852 _aNLR
_bОНЛ
_jМар.л./4-192
942 _cBOOK
980 _aNBR